000 00483nam a2200181Ia 4500
008 100917s9999 xx 000 0 und d
082 _b6815
100 _aअत्रे प्रल्हाद केशव
245 _aसुभाष कथा
260 _b---
_c1964
300 _a280
365 _b10
520 _aचरित्र
630 _aसुभाष कथा
650 _aचरित्र
730 _aसुभाष कथा
942 _cBOOK
999 _c612209
_d612206